000 00531nam a2200193Ia 4500
001 12524
003 GE_BSU
008 181216s||||||||xx |||||||||||||| ||und||
040 _cGE_BSU
080 _aპერიოდიკა
245 _aГосударство и право. №9. 2014.Сентябрь
245 _cГл.ред.А.С.Автономов
260 _aМосква
260 _bНаука
260 _c2014
300 _a128стр.29см.
653 _aГосударство и право.
942 _cCR
999 _c45697
_d45697